| 000 | 00392cam a2200157ua 4500 | ||
|---|---|---|---|
| 003 | OSt | ||
| 008 | 240220b |||||||| |||| 00| 0 eng d | ||
| 041 | _aeng | ||
| 082 |
_a631.41 _bLEV/CH |
||
| 100 |
_aRachel, Levy . _96082 |
||
| 245 | 0 | 0 | _aChemistry of Irrigated Soils / |
| 250 | _a1 / | ||
| 260 |
_aNew York : _bVan Nostrand Reinhold Company , _c1984. |
||
| 300 | _a418 ; . | ||
| 942 | _cBK | ||
| 999 |
_c2974 _d2974 |
||